Président(e)s Suisses - Statistiques

Statistiques générales
  • Ce quiz a été pris 43 fois
    4 depuis la dernière actualisation
  • Le résultat moyen est 13 sur 179
Statistiques - réponses
An Parti Réponse % Correct
2021 UDC Guy Parmelin
100%
2026 UDC Guy Parmelin
100%
2018 PS Alain Berset
67%
2023 PS Alain Berset
67%
2022 PLR Ignazio Cassis
67%
1989 PRD Jean-Pascal Delamuraz
67%
1996 PRD Jean-Pascal Delamuraz
67%
2025 PLR Karin Keller-Sutter
67%
2024 Centre Viola Amherd
67%
1993 UDC Adolf Ogi
33%
2000 UDC Adolf Ogi
33%
1879 PRD* Bernhard Hammer
33%
1889 PRD* Bernhard Hammer
33%
2014 PLR Didier Burkhalter
33%
1899 PRD Eduard Müller
33%
1907 PRD Eduard Müller
33%
1913 PRD Eduard Müller
33%
1894 PRD Emil Frey
33%
2012 PBD Eveline Widmer-Schlumpf
33%
1980 PRD Georges-André Chevallaz
33%
2004 PDC Joseph Deiss
33%
1999 PS Ruth Dreifuss
33%
2005 UDC Samuel Schmid
33%
2015 PS Simonetta Sommaruga
33%
2020 PS Simonetta Sommaruga
33%
2013 UDC Ueli Maurer
33%
2019 UDC Ueli Maurer
33%
1886 PRD* Adolf Deucher
0%
1897 PRD Adolf Deucher
0%
1903 PRD Adolf Deucher
0%
1909 PRD Adolf Deucher
0%
1896 PRD Adrien Lachenal
0%
1936 PRD Albert Meyer
0%
1986 PDC Alphons Egli
0%
1883 PRD* Antoine Louis John Ruchonnet
0%
1890 PRD* Antoine Louis John Ruchonnet
0%
1990 PDC Arnold Koller
0%
1997 PDC Arnold Koller
0%
1914 PRD Arthur Hoffmann
0%
1916 PRD Camille Decoppet
0%
1857 PRD* Constant Fornerod
0%
1863 PRD* Constant Fornerod
0%
1867 PRD* Constant Fornerod
0%
1850 PRD* Daniel-Henry Druey
0%
2010 PDC Doris Leuthard
0%
2017 PDC Doris Leuthard
0%
1917 PRD Edmund Schulthess
0%
1921 PRD Edmund Schulthess
0%
1928 PRD Edmund Schulthess
0%
1933 PRD Edmund Schulthess
0%
1945 PAB Eduard von Steiger
0%
1951 PAB Eduard von Steiger
0%
1869 PRD* Emil Welti
0%
1872 PRD* Emil Welti
0%
1876 PRD* Emil Welti
0%
1880 PRD* Emil Welti
0%
1884 PRD* Emil Welti
0%
1891 PRD* Emil Welti
0%
1943 parti conservateur populaire Enrico Celio
0%
1948 parti conservateur populaire Enrico Celio
0%
1924 PRD Ernest Chuard
0%
1901 PRD Ernst Brenner
0%
1908 PRD Ernst Brenner
0%
1974 PRD Ernst Brugger
0%
1949 PS Ernst Nobs
0%
1941 PRD Ernst Wetter
0%
1898 PRD Eugène Ruffy
0%
1918 PRD Felix-Louis Calonder
0%
1991 PDC Flavio Cotti
0%
1998 PDC Flavio Cotti
0%
1854 PRD* Friedrich Frey-Herosé
0%
1860 PRD* Friedrich Frey-Herosé
0%
1961 PAB Friedrich Traugott Wahlen
0%
1982 PRD Fritz Honegger
0%
1915 parti conservateur populaire Giuseppe Motta
0%
1920 parti conservateur populaire Giuseppe Motta
0%
1927 parti conservateur populaire Giuseppe Motta
0%
1932 parti conservateur populaire Giuseppe Motta
0%
1937 parti conservateur populaire Giuseppe Motta
0%
1919 PL Gustave Ador
0%
1979 PDC Hans Hürlimann
0%
1965 PS Hans-Peter Tschudi
0%
1970 PS Hans-Peter Tschudi
0%
2009 PLR Hans-Rudolf Merz
0%
1966 PRD Hans Schaffner
0%
1957 PRD Hans Streuli
0%
1926 PRD Heinrich Häberlin
0%
1931 PRD Heinrich Häberlin
0%
1864 PRD* Jakob Dubs
0%
1868 PRD* Jakob Dubs
0%
1870 PRD* Jakob Dubs
0%
1856 PRD* Jakob Stämpfli
0%
1859 PRD* Jakob Stämpfli
0%
1862 PRD* Jakob Stämpfli
0%
1925 parti conservateur populaire Jean-Marie Musy
0%
1930 parti conservateur populaire Jean-Marie Musy
0%
1877 PRD* Joachim Heer
0%
1938 PRD Johannes Baumann
0%
1875 PRD* Johann Jakob Scherer
0%
2016 PLR Johann N. Schneider-Ammann
0%
1848 PRD* Jonas Furrer
0%
1849 PRD* Jonas Furrer
0%
1852 PRD* Jonas Furrer
0%
1855 PRD* Jonas Furrer
0%
1858 PRD* Jonas Furrer
0%
1895 parti populaire catholique Joseph Zemp
0%
1902 parti populaire catholique Joseph Zemp
0%
1946 PRD Karl Kobelt
0%
1952 PRD Karl Kobelt
0%
1865 PRD* Karl Schenk
0%
1871 PRD* Karl Schenk
0%
1874 PRD* Karl Schenk
0%
1878 PRD* Karl Schenk
0%
1885 PRD* Karl Schenk
0%
1893 PRD* Karl Schenk
0%
1923 PRD Karl Scheurer
0%
1995 PRD Kaspar Villiger
0%
2002 PRD Kaspar Villiger
0%
1977 PDC Kurt Furgler
0%
1981 PDC Kurt Furgler
0%
1985 PDC Kurt Furgler
0%
1984 UDC Leon Schlumpf
0%
1906 PRD Ludwig Forrer
0%
1912 PRD Ludwig Forrer
0%
1964 parti conservateur chrétien-social Ludwig von Moos
0%
1969 parti conservateur chrétien-social Ludwig von Moos
0%
1934 PRD Marcel Pilet-Golaz
0%
1940 PRD Marcel Pilet-Golaz
0%
1905 PRD Marc-Emile Ruchet
0%
1911 PRD Marc-Emile Ruchet
0%
1956 PAB Markus Feldmann
0%
1851 PRD* Martin J. Munzinger
0%
1950 PRD Max Petitpierre
0%
1955 PRD Max Petitpierre
0%
1960 PRD Max Petitpierre
0%
1861 PRD* Melchior Josef Martin Knüsel
0%
1866 PRD* Melchior Josef Martin Knüsel
0%
2007 PS Micheline Calmy-Rey
0%
2011 PS Micheline Calmy-Rey
0%
2001 PS Moritz Leuenberger
0%
2006 PS Moritz Leuenberger
0%
1972 PRD Nello Celio
0%
1881 PRD* Numa Droz
0%
1887 PRD* Numa Droz
0%
1988 PS Otto Stich
0%
1994 PS Otto Stich
0%
2003 PRD Pascal Couchepin
0%
2008 PRD Pascal Couchepin
0%
1873 PRD* Paul Ceresole
0%
1959 PRD Paul Chaudet
0%
1962 PRD Paul Chaudet
0%
1939 parti conservateur populaire Philipp Etter
0%
1942 parti conservateur populaire Philipp Etter
0%
1947 parti conservateur populaire Philipp Etter
0%
1953 parti conservateur populaire Philipp Etter
0%
1983 PS Pierre Aubert
0%
1987 PS Pierre Aubert
0%
1975 PS Pierre Graber
0%
1992 PS René Felber
0%
1904 PRD Robert Comtesse
0%
1910 PRD Robert Comtesse
0%
1922 PRD Robert Haab
0%
1929 PRD Robert Haab
0%
1954 PRD Rodolphe Rubattel
0%
1967 parti conservateur chrétien-social Roger Bonvin
0%
1973 PDC Roger Bonvin
0%
1971 UDC Rudolf Gnägi
0%
1976 UDC Rudolf Gnägi
0%
1935 PAB Rudolf Minger
0%
1882 PRD* Simeon Bavier
0%
1958 parti conservateur chrétien-social Thomas Holenstein
0%
1892 PRD* Walter Hauser
0%
1900 PRD Walter Hauser
0%
1944 PRD Walther Stampfli
0%
1888 PRD* Wilhelm Hertenstein
0%
1853 PRD* Wilhelm Matthias Naeff
0%
1978 PS Willi Ritschard
0%
1963 PS Willy Spühler
0%
1968 PS Willy Spühler
0%
Aucun quiz correspondant
Distribution des résultats
% des personnes avec chaque résultat
Percentile par nombre de réponses
Votre historique - résultats
Vous n’avez pas pris ce quiz depuis la dernière actualisation